LEADER 00766cam0 2200241 450 001 E600200010675 005 20200423102036.0 100 $a20050607d1985 |||||ita|0103 ba 101 $aita 102 $aIT 200 1 $a<>paesaggio sonoro$fR. Murray Schafer 210 $aRoma$cRicordi$aLucca$cLIM Ed.$d1985 215 $a380 p.$cill.$d21 cm 700 1$aSchafer$b, R. Murray$3A600200031097$4070$0527733 801 0$aIT$bUNISOB$c20200423$gRICA 850 $aUNISOB 852 $aUNISOB$j780$m126058 912 $aE600200010675 940 $aM 102 Monografia moderna SBN 941 $aM 957 $a780$b000150$gSI$d126058$racquisto$1catenacci$2UNISOB$3UNISOB$420050607085353.0$520200422101026.0$6Spinosa 996 $aPaesaggio sonoro$9813648 997 $aUNISOB